=LDR 00000nam 2200000 4500 =001 INLIS000000000029993 =005 20201125104856 =035 ##$$a 0010-061300000029993 =008 201125################g##########0#ind## =041 ##$$a Ind =082 ##$$a 329 =090 ##$$a 329, Yen p =100 1#$$a Yentriyani, Andy =245 1#$$a Politik perdagangan perempuan /$c Andy Yentriyani =260 ##$$a Yogyakarta :$b Galang Press,$c 2004 =300 ##$$a xx, 251 hlm. ; $c 15x21 cm. =650 #4$$a Indonesia - Politik Pemerintahan =850 ##$$a NBPNMAT =020 ##$$a 979-3627-05-0 =084 ##$$a 329 YEN p =504 ##$$a Bibliografi : hlm. 243-251 =990 ##$$a 30500143